| 000 | 00639nam a2200205 a 4500 | ||
|---|---|---|---|
| 001 | 000003597 | ||
| 005 | 20200929150509.0 | ||
| 008 | 830804s1984 sp 000 f spa | ||
| 020 | _a8472225550 | ||
| 040 |
_aDO-SdBNP _bspa _cBNPHU |
||
| 082 |
_a813.52 _bB317i |
||
| 100 | 1 |
_aBass, Ronald. _d1942- _911082 |
|
| 245 | 1 | 3 |
_aLa ilusión Esmeralda / _cRonald Bass ; traductor, Beatriz Podestá. |
| 260 |
_aBarcelona : _bAlfa, _c1984. |
||
| 300 |
_a299 p. ; _c20 cm. |
||
| 490 | 1 | _aLos extraordinarios | |
| 650 | 4 |
_aNovela estadounidense _9262 |
|
| 650 | 4 |
_aLiteratura estadounidense _ySIGLO XX _96874 |
|
| 700 | 1 |
_aPodestá, Beatriz ; _etr. _911083 |
|
| 999 |
_c3421 _d3421 |
||